Sword Princess Amaltea Vol #2 /

We all know the way the story goes. The valiant prince goes on a perilous journey, kills a ferocious dragon, rescues a captive princess, earns his family's honor. But what if this time the prince... was a princess? In a fairytale world where Queens rule and magic is power, Princess Amaltea i...

Full description

Bibliographic Details
Corporate Author: Library Pass, LLC
Other Authors: Batista, Natalia (writer.)
Format: eBook
Language:English
Published: [United States] : Tokyopop, 2018.
Subjects:
Online Access:Connect to this electronic book (First time users create your free account)

MARC

Tag First Indicator Second Indicator Subfields
LEADER 00000nmm a22000001a 4500
001 in00004611708
006 m|||||o||m||||||||
007 cr|cn |||uuuuu
008 221118s2018 xxu||||do|||| ||||||eng d
005 20221207213638.9
035 |a (TxWaIVM)IV75837ToSw 
040 |a TxWaIVM  |c TxWaIVM 
245 0 0 |a Sword Princess Amaltea Vol #2 /  |c powered by Library Pass. 
260 3 |a [United States] :  |b Tokyopop,  |c 2018. 
300 |a 1 online resource. 
336 |a text  |b txt  |2 rdacontent 
337 |a computer  |b c  |2 rdamedia 
338 |a online resource  |b cr  |2 rdacarrier 
520 |a We all know the way the story goes. The valiant prince goes on a perilous journey, kills a ferocious dragon, rescues a captive princess, earns his family's honor. But what if this time the prince... was a princess? In a fairytale world where Queens rule and magic is power, Princess Amaltea is sent on the biggest quest of her life -- to rescue a prince in need and fulfill her duties as a princess. Spoiled, prejudiced and sheltered from the world at large, Amaltea reluctantly sets out on her journey and finds her "lad in distress"... only to find out he's not so willing to join her. 
521 |a 2 
538 |a Requires a valid library card and registration for new users. 
538 |a Mode of access: World Wide Web. 
538 |a System requirements: Flash 10.1 or higher, Windows XP and higher, Internet Explorer 7 and higher, Firefox 3.6 and higher, Google Chrome; Max OS 10.5 and higher, Safari 4 and higher. 
650 0 |a Comic books, strips, etc. 
655 7 |a Electronic books.  |2 local 
655 7 |a Comic books, strips, etc.  |2 gsafd 
650 0 |a Fantasy comic books, strips, etc. 
655 7 |a Fantasy comic books, strips, etc.  |2 gsafd 
650 0 |a Humor 
655 7 |a Humor  |2 gsafd 
650 0 |a Comic books, strips, etc. 
655 7 |a Comic books, strips, etc.  |2 gsafd 
650 0 |a Romance comic books, strips, etc. 
655 7 |a Romance comic books, strips, etc.  |2 gsafd 
650 0 |a Shonen 
655 7 |a Shonen  |2 gsafd 
650 0 |a Fantasy comic books, strips, etc. 
655 7 |a Fantasy comic books, strips, etc.  |2 gsafd 
700 1 |a Batista, Natalia.  |e writer. 
700 1 |a Batista, Natalia.  |e artist. 
710 2 |a Library Pass, LLC. 
856 4 0 |u http://proxy.library.tamu.edu/login?url=https://tamu.librarypass.com/product/com.iversecomics.tokyopop.sword.princess.amaltea.vol.two.english.11132018  |z Connect to this electronic book (First time users create your free account)  |t 0 
955 |a Comics Plus. 
999 f f |s 61dad1f6-6eb7-459a-95a6-9616a3c13cfb  |i 08c640a2-fc7c-4570-abd7-21070cbe79ba  |t 0 
952 f f |a Texas A&M University  |b College Station  |c Electronic Resources  |d Available Online  |t 0  |h Library of Congress classification 
998 f f |t 0  |l Available Online